| 000 | 00559nam a22001577a 4500 | ||
|---|---|---|---|
| 999 |
_c534965 _d534965 |
||
| 020 | _qHard Cover. | ||
| 082 | _a624.1 | ||
| 100 | _aAbdul Qadeer | ||
| 245 |
_aManaging Stakeholders in PPP Projects: An ITTO based Framework for BOT Road Infrastructure Projects / _cAbdul Qadeer. |
||
| 260 |
_aIslamabad: _bNIT NUST, _c2017. |
||
| 300 |
_a93 p. : _bill. ; _c30cm. |
||
| 942 |
_2ddc _cTHE |
||
| 650 |
_aConstruction Engineering and Management MS-Thesis. _917023 |
||
| 700 |
_aDr. Muhammad Jamaluddin _929091 |
||